Loading...
| Social Science | 0 | 2 | 0 | 0 | 20 | 72 | 79.50 | 1 | 1 | 6.41 | 19.05 |
| Popular Culture | 0 | 2 | 0 | 0 | 20 | 55 | 80.00 | 0 | 0 | 12.25 | 17.78 |
| Geography | 0 | 1 | 0 | 0 | 10 | 29 | 29.00 | 0 | 0 | 14.53 | 11.11 |
| History - European | 0 | 1 | 0 | 0 | 10 | 86 | 86.00 | 0 | 0 | 2.18 | 4.44 |
| History - World | 0 | 1 | 0 | 0 | 10 | 64 | 64.00 | 0 | 1 | 4.02 | 6.67 |
| Mythology | 0 | 1 | 0 | 0 | 10 | 107 | 107.00 | 0 | 0 | 0.61 | 3.33 |
| Science - Biology | 0 | 1 | 0 | 0 | 10 | 30 | 30.00 | 0 | 1 | 7.35 | 8.89 |
| Science - Other | 0 | 1 | 0 | 0 | 10 | 65 | 65.00 | 0 | 0 | 4.40 | 6.67 |
| Literature - British | 0 | 1 | 0 | 0 | 10 | 91 | 91.00 | 0 | 0 | 2.16 | 5.56 |
| Fine Arts - Other | 0 | 1 | 0 | 0 | 10 | 48 | 48.00 | 0 | 0 | 5.93 | 3.33 |
| Fine Arts - Classical Music | 0 | 0 | 1 | 0 | -5 | 0.00 | 0 | 0 | 0.00 | 0.00 |